Szczegóły MARC21

Das gras /

003 -Nazwa inst., której nr kontr. jest w polu 001 [,]
    • @
    • Nazwa instytucji, której n kontrolny jest w polu 001
    • NUKAT
005 -DATA I CZAS OSTATNIEJ MODYFIKACJI [,]
    • @
    • pole kontrolne
    • 20241231104116.0
020 -Międzynarod. znormalizowany nr książki - ISBN [ , ]
    • a
    • Numer ISBN
    • 3379000418 Find
040 -Instytucja sporządzająca opis [ , ]
    • a
    • Instytucja, która sporządziła opis (NP)
    • SZCZ U/JS
    • b
    • Język katalogowania
    • pol
    • e
    • Zasady katalogowania
    • rda
    • c
    • Instytucja, która sporządziła rekord (NP)
    • SZCZ U/JSs
041 -Język dokumentu [1, ]
    • a
    • Język tekstu (P)
    • niemiecki
    • h
    • Język tekstu oryginalnego i/lub pośredniego (P)
    • francuski
942 -Rodzaj dokumentu [ , ]
    • c
    • Rodzaj dokumentu
    • Książka
100 -Hasło główne - nazwa osobowa [1, ]
    • a
    • Nazwa osobowa (NP)
    • Simon, Claude
    • d
    • Daty biograficzne (NP)
    • (1913-2005).
    • e
    • Rodzaj współpracy
    • Autor
    • 9
    • KHW
    • 252180
240 -Tytuł ujednolicony [1,0]
    • a
    • Tytuł ujednolicony
    • Herbe
    • l
    • Język tekstu
    • (niem.)
    • 9
    • KHW
    • 455493
245 -Strefa tytułu i oznaczenia odpowiedzialności [1,4]
    • a
    • Tytuł
    • Das gras / Find
    • c
    • Pozostałe elementy strefy tytułu i oznaczenia odpowiedzialności (NP)
    • Claude Simon ; aus dem Französischen Übersetzung von Erika und Elmar Tophoven ; mit einem Kommentar "Abenteuer des Erzählens" von Brigitte Burmeister.
250 -Strefa wydania [ , ]
    • a
    • Oznaczenie wydania (NP)
    • 2. Auflage.
260 -Strefa adresu wydawniczego [ , ]
    • a
    • Miejsce wydania (P)
    • Leipzig :
    • b
    • Nazwa wydawcy (P)
    • Verlag Philipp Reclam jun.,
    • c
    • Data wydania (P)
    • 1986.
300 -Strefa opisu fizycznego [ , ]
    • a
    • Określenie formy książki i/lub objętość (NP)
    • 174, [1] strona ;
    • c
    • Format (NP)
    • 18 cm.
336 -Typ zawartości [ , ]
    • a
    • Termin opisujący typ zawartości
    • Tekst
    • b
    • Kod określający zawartość
    • txt
    • 2
    • Źródło (terminu i kodu)
    • rdacontent
337 -Typ mediów [ , ]
    • a
    • Tryb odtwarzania
    • Bez urządzenia pośredniczącego
    • b
    • Kod typu mediów
    • n
    • 2
    • Źródło (terminu i kodu)
    • rdamedia
338 -Typ/rodzaj nośnika [ , ]
    • a
    • Hasło opisujące typ nośnika
    • Wolumin
    • b
    • Kod typu nośnika
    • nc
    • 2
    • Źródło (terminu i kodu)
    • rdacarrier
490 -Strefa serii i książki wielotomowej - forma nie do wyszukiwania [1, ]
    • a
    • Tytuł (P)
    • Reclams Universal-Bibliothek. Belletristik Find
830 -Hasło dodatkowe serii i opisu książki wielotomowej - tytuł ujednolicony/tytuł [ ,0]
    • a
    • Tytuł ujednolicony/tytuł (NP)
    • Reclams Universal-Bibliothek.
    • p
    • Nazwa części/podserii/sekcji (P)
    • Belletristik
    • 9
    • KHW
    • 16982
830 -Hasło dodatkowe serii i opisu książki wielotomowej - tytuł ujednolicony/tytuł [ ,0]
    • a
    • Tytuł ujednolicony/tytuł (NP)
    • Reclams Universal-Bibliothek
    • x
    • ISSN
    • 0722-8511
    • v
    • Oznaczenie tomu (NP)
    • Bd. 824
    • 9
    • KHW
    • 12680
500 -Uwaga ogólna [ , ]
    • a
    • Uwaga ogólna (NP)
    • W serii głównej: Bd. 824.
655 -Hasło w funkcji tematu formalnego [ ,7]
    • a
    • Hasło
    • Powieść francuska
    • y
    • Określnik chronologiczny
    • 1945-1970
    • v
    • Określnik formy
    • tłumaczenia niemieckie.
    • 2
    • Źródło terminu
    • kaba
    • 9
    • KHW
    • 455410
700 -Hasło dodatkowe - nazwa osobowa [1, ]
    • a
    • Nazwa osobowa (NP)
    • Tophoven, Elmar Find
    • d
    • Daty biograficzne (NP)
    • (1932-1989).
    • e
    • Określenie rodzaju współpracy
    • Tłumaczenie
    • 9
    • KHW
    • 455491
700 -Hasło dodatkowe - nazwa osobowa [1, ]
    • a
    • Nazwa osobowa (NP)
    • Tophoven, Erika. Find
    • e
    • Określenie rodzaju współpracy
    • Tłumaczenie
    • 9
    • KHW
    • 455490
700 -Hasło dodatkowe - nazwa osobowa [1, ]
    • a
    • Nazwa osobowa (NP)
    • Burmeister, Brigitte Find
    • d
    • Daty biograficzne (NP)
    • (1940- ).
    • e
    • Określenie rodzaju współpracy
    • Komentarz
    • 9
    • KHW
    • 455489
710 -Hasło dodatkowe - nazwa ciała zbiorowego [2, ]
    • a
    • Nazwa ciała zbiorowego lub nazwa geograficzna jako pierwszy element (NP)
    • Philipp Reclam junior (Stuttgart).
    • e
    • Rodzaj współpracy
    • Wydawca
    • 4
    • Kod relacji
    • pbl
    • 9
    • KHW
    • 51247
920 -ISBN [ , ]
    • a
    • ISBN
    • 3-379-00041-8 Find
Lokalizacja Sygnatura Status udost. Data inwentaryzacji Numer inwentarzowy
BM -3 G.803
BMGerm. Literatura francuska-32022-02-23BJM.1031